Soccer Players Career Pathways VII Quiz Stats

 Plays Quiz not verified by Sporcle

Support Sporcle.
Go Orange.
Score 0/30 Timer 10:00
0 Plays Today
Question Answer Wrong Answers
Ajax - Real Madrid - Blank 1 - Blank 2 - OGC Nice - Al-Gharafa - Which club is Blank 1? ???
98.7%
???
0%
???
0%
???
0%
Real Zaragoza - Blank 1 - Blank 2 - Paris Saint-Germain - Which club is Blank 2? ???
98.7%
???
0%
???
0%
???
0%
Le Mans - Guingamp - Marseille - Chelsea - Blank 1 - Galatasaray - Chelsea - Montreal Impact - Blank 2 ???
98.7%
???
0%
???
0%
???
0%
Basconia - Athletic Bilbao - Juventus - Blank 1 - Blank 2 - Tottenham Hotspur - Napoli - Which club is Blank 2? ???
97.4%
???
0%
???
1.3%
???
0%
Arsenal - Blank 1 (loan) - Blank 2 (loan) - Juventus - Which club is Blank 2? ???
97.4%
???
0%
???
0%
???
1.3%
Real Zaragoza - Blank 1 - Blank 2 - Paris Saint-Germain - Which club is Blank 1? ???
96.2%
???
0%
???
2.6%
???
0%
Basconia - Athletic Bilbao - Juventus - Blank 1 - Blank 2 - Tottenham Hotspur - Napoli ???
96.2%
???
1.3%
???
1.3%
???
0%
Ajax - Real Madrid - Blank 1 - Blank 2 - OGC Nice - Al-Gharafa - Which club is Blank 2? ???
96.2%
???
2.6%
???
0%
???
0%
FC Metz - Blank 1 (loan) - Fulham - Manchester United - Everton - Tottenham Hotspur - Blank 2 - Lazio ???
96.2%
???
2.6%
???
0%
???
0%
Ajax - Real Madrid - Blank 1 - Blank 2 - OGC Nice - Al-Gharafa ???
94.9%
???
1.3%
???
2.6%
???
0%
Le Mans - Guingamp - Marseille - Chelsea - Blank 1 - Galatasaray - Chelsea - Montreal Impact - Blank 2 - Which club is Blank 1? ???
92.3%
???
2.6%
???
1.3%
???
2.6%
Blank 1 - Stirling Albion (loan) - Leeds United - Norwich City - Blank 2 - West Ham United - Aston Villa (loan) - Which club is Blank 2? ???
91%
???
3.8%
???
2.6%
???
1.3%
FC Metz - Blank 1 (loan) - Fulham - Manchester United - Everton - Tottenham Hotspur - Blank 2 - Lazio - Which club is Blank 2? ???
87.2%
???
0%
???
11.5%
???
0%
Tottenham Hotspur - Yeovil Town (loan) - Bristol City (loan) - Swansea City (loan) - Cardiff City - QPR - Southampton (loan) - Blank 1 (loan) - Dundee - Blank 2 - Which club is Blank 1? ???
85.9%
???
3.8%
???
5.1%
???
3.8%
Real Zaragoza - Blank 1 - Blank 2 - Paris Saint-Germain ???
84.6%
???
1.3%
???
0%
???
12.8%
Le Mans - Guingamp - Marseille - Chelsea - Blank 1 - Galatasaray - Chelsea - Montreal Impact - Blank 2 - Which club is Blank 2? ???
78.2%
???
1.3%
???
2.6%
???
16.7%
Ajax - AC Milan - Barcelona - Blank 1 - Valencia - Blank 2 - Lille - Which club is Blank 2? ???
76.9%
???
2.6%
???
5.1%
???
15.4%
Ajax - AC Milan - Barcelona - Blank 1 - Valencia - Blank 2 - Lille ???
75.6%
???
6.4%
???
0%
???
17.9%
Nottingham Forest - Chelsea - Blank 1 (loan) - Derby County (loan) - Middlesbrough (loan) - Crystal Palace (loan) - Norwich City (loan) - Blank 2 (loan) - Middlesbrough - Leeds United ???
74.4%
???
7.7%
???
15.4%
???
1.3%
Nottingham Forest - Chelsea - Blank 1 (loan) - Derby County (loan) - Middlesbrough (loan) - Crystal Palace (loan) - Norwich City (loan) - Blank 2 (loan) - Middlesbrough - Leeds United - Which club is Blank 2? ???
74.4%
???
15.4%
???
9%
???
0%
Blank 1 - Stirling Albion (loan) - Leeds United - Norwich City - Blank 2 - West Ham United - Aston Villa (loan) ???
73.1%
???
6.4%
???
9%
???
10.3%
Basconia - Athletic Bilbao - Juventus - Blank 1 - Blank 2 - Tottenham Hotspur - Napoli - Which club is Blank 1? ???
69.2%
???
1.3%
???
28.2%
???
0%
Ajax - AC Milan - Barcelona - Blank 1 - Valencia - Blank 2 - Lille - Which club is Blank 1? ???
67.9%
???
29.5%
???
1.3%
???
1.3%
Arsenal - Blank 1 (loan) - Blank 2 (loan) - Juventus ???
65.4%
???
32.1%
???
1.3%
???
0%
FC Metz - Blank 1 (loan) - Fulham - Manchester United - Everton - Tottenham Hotspur - Blank 2 - Lazio - Which club is Blank 1? ???
62.8%
???
23.1%
???
9%
???
3.8%
Tottenham Hotspur - Yeovil Town (loan) - Bristol City (loan) - Swansea City (loan) - Cardiff City - QPR - Southampton (loan) - Blank 1 (loan) - Dundee - Blank 2 ???
60.3%
???
23.1%
???
1.3%
???
14.1%
Tottenham Hotspur - Yeovil Town (loan) - Bristol City (loan) - Swansea City (loan) - Cardiff City - QPR - Southampton (loan) - Blank 1 (loan) - Dundee - Blank 2 - Which club is Blank 2? ???
60.3%
???
0%
???
9%
???
29.5%
Arsenal - Blank 1 (loan) - Blank 2 (loan) - Juventus - Which club is Blank 1? ???
50%
???
3.8%
???
25.6%
???
19.2%
Nottingham Forest - Chelsea - Blank 1 (loan) - Derby County (loan) - Middlesbrough (loan) - Crystal Palace (loan) - Norwich City (loan) - Blank 2 (loan) - Middlesbrough - Leeds United - Which club is Blank 1? ???
42.3%
???
29.5%
???
21.8%
???
5.1%
Blank 1 - Stirling Albion (loan) - Leeds United - Norwich City - Blank 2 - West Ham United - Aston Villa (loan) - Which club is Blank 1? ???
15.4%
???
24.4%
???
29.5%
???
29.5%

You're not logged in!

Compare scores with friends on all Sporcle quizzes.
OR
Log In

From the Vault

101 Song 'A' Words

by rockgolf

Settle down and get comfortable, you'll be here a while.
Remove Ads.
Support Sporcle.
Get the best of Sporcle when you Go Orange. This ad-free experience offers more features, more stats, and more fun while also helping to support Sporcle. Thank you for becoming a member.

Show Comments

Extras

Top Quizzes Today


Score Distribution

Your Account Isn't Verified!

In order to create a playlist on Sporcle, you need to verify the email address you used during registration. Go to your Sporcle Settings to finish the process.

Report this User

Report this user for behavior that violates our Community Guidelines.

Details: